Stolice z pięcioma literami w nazwie - Statystyki

Ogólne statystyki
  • Ten quiz został rozwiązany 1 609 razy
  • Średni wynik to 12 z 25
Statystyki odpowiedzi
Kontynent Stolica % Poprawnych
Europa Paryż
83%
Europa Praga
79%
Europa Wilno
78%
Azja Tokio
73%
Europa Ateny
72%
Europa Kijów
71%
Europa Mińsk
67%
Azja Pekin
66%
Europa Berno
58%
Europa Sofia
56%
Europa Vaduz
48%
Afryka Rabat
47%
Ameryka Południowa Quito
46%
Afryka Tunis
43%
Ameryka Południowa Sucre
39%
Afryka Dakar
34%
Azja Hanoi
34%
Azja Rijad
33%
Azja Kabul
27%
Azja Dhaka
26%
Azja Amman
25%
Oceania Yaren
17%
Afryka Bangi
16%
Afryka Dżuba
16%
Afryka Praia
12%
Nie znaleziono quizów pasujących do podanych kryteriów
Rozkład punktacji
Procent ludzi z każdym wynikiem
Percentyl według liczby udzielonych odpowiedzi
Twoja historia wyników
Nie rozwiązałeś tego quizu